| 000 | 007860000a22002410004500 | ||
|---|---|---|---|
| 001 | 51231 | ||
| 010 | _a978-989-552-387-0 | ||
| 021 |
_aPT _b279250/08 |
||
| 100 | _a20110106d2011 k y0pory5003 ba | ||
| 101 | 0 | _apor | |
| 102 | _aPT | ||
| 200 | 1 |
_aO barco aberto _aTrês soldados miraculosos _fStephen Crane _gtrad. de Vasco Gato |
|
| 210 |
_aVila Nova de Famalicão _cQuasi _d2008 |
||
| 215 |
_a93 p. _d19 cm |
||
| 304 | _aTítulo original: The open boat / Three miraculous soldiers | ||
| 606 |
_aLiteratura estrangeira _xConto |
||
| 675 |
_a821.111(73)-34 _vBN _zpor |
||
| 700 | 1 |
_aCrane _bStephen _f1871-1900 |
|
| 702 | 1 |
_921578 _4730 _aGato _bVasco |
|
| 801 |
_aPT _c20110106 |
||
| 090 | _a51231 | ||
| 942 |
_cMON _n0 |
||
| 999 | _a51231 | ||